Sociología de la vida económica (Registro nro. 11469)
[ vista simple ]
| 000 -ENCABEZADO | |
|---|---|
| Número de control [NR] | 00716nam a2200205Ia 4500 |
| 008 - DE LONGITUD FIJA DE DATOS DE ELEMENTOS - INFORMACIÓN GENERAL | |
| Elementos de longitud fija [NR] | 130821s1965 mx gr spa |
| 040 ## - FUENTE DE CATALOGACION [NR] | |
| Agencia de catalogación original [NR] | Co-BoUCM |
| Idioma de catalogación [NR] | spa |
| 041 ## - CODIGO DE IDIOMA [R] | |
| Código de idioma para texto/pista de sonido o título separado [R] | Español |
| 100 ## - ASIENTO PRINCIPAL--NOMBRE PERSONAL [NR] | |
| Nombre personal [NR] | Smelser, Neill |
| ID Autoridad | 155712 |
| 245 ## - MENCION DE TITULO [NR] | |
| Título [NR] | Sociología de la vida económica |
| Mención de responsabilidad, etc. [NR] | Neill Smelser; traducción por Armando Huacuja E. |
| 250 ## - MENCION DE EDICION [NR] | |
| Mención de edición [NR] | 1a. ed. |
| 260 ## - PUBLICACION, DISTRIBUCION, ETC. (PIE DE IMPRENTA) [R] | |
| Lugar de publicación, distribución, etc. [R] | México D.F. (México) |
| Nombre del editor, distribuidor, etc. [R] | Hispano Americana |
| Fecha de publicación, distribución, etc. [R] | 1965 |
| 300 ## - DESCRIPCION FISICA [R] | |
| Extensión [R] | 246 páginas |
| 500 ## - NOTA GENERAL [R] | |
| Nota general [NR] | Indice al principio del texto. -- Indice alfabético al final del texto. |
| 650 04 - ASIENTO SECUNDARIO DE MATERIA - TERMINO TEMATICO [R] | |
| Término temático o nombre geográfico como elemento de entrada [NR] | Economía |
| 9 (RLIN) | 174 |
| 650 04 - ASIENTO SECUNDARIO DE MATERIA - TERMINO TEMATICO [R] | |
| Término temático o nombre geográfico como elemento de entrada [NR] | Sociología |
| 9 (RLIN) | 386 |
| 700 ## - ASIENTO SECUNDARIO - NOMBRE PERSONAL [R] | |
| Nombre personal [NR] | Huacuja E., Armando |
| Término de relación [R] | |
| 9 (RLIN) | 155713 |
| 942 ## - ELEMENTOS DE ENTRADA AGREGADOS (KOHA) | |
| Tipo de ítem principal el descrito en 300a | Libro |
| Tema principal | Economía |
| Edición | 1 |
| Parte restante de la signatura top. | S53s |
| Sistema de clasificación | DEWEY |
| Clasificación | 330.15 |
| Fecha de último préstamo | Total préstamos | Total Renewals | Signatura topográfica | Código de barras | Última vez visto | Ejemplar | Price effective from | Tipo de ítem | Nota pública (OPAC) | Perdido | Sistema de clasificación | Dañado | No prestable | Tipo de ítem específico | Suprimido | Ubicación habitual | Ubicación actual | Localización | Fecha de creación | Forma de adquisición | Costo |
|---|---|---|---|---|---|---|---|---|---|---|---|---|---|---|---|---|---|---|---|---|---|
| 28/10/2014 | 17 | 1 | 330.15 S53s | 100000505 | 03/12/2025 | Ej.1 | 03/02/2013 | Libro | Spot Teoría Económica | DEWEY | Libro | Claustro | Claustro | Mezanine | 28/02/2003 | Donación | 200.00 |